000 00632nam a22002297a 4500
999 _c4688
_d4688
001 4688
003 BD-JhCC
005 20171130092707.0
008 171129s1954 xxuac||| |||| 001 0 eng d
035 _a(BD-JhCC)4688
040 _aBD-JhCC
_dBD-JhCC
041 _aeng
082 _a823.914
_bLUK 1954
245 _aLuck and Pluck /
_cEdited By Barbara Nolen
260 _aCalifornia :
_bCalifornia State Department of Education ,
_c1954.
300 _a373 p. :
_bill. ;
_c20 cm.
504 _aIncludes Illustration Includes Index
650 _aEnglish Stories
700 _a Nolen, Barbara
942 _2ddc
_cBK